00541nam a22002057a 450000500170000001000130001702000100003003500130004003700160005304000120006908200130008110000230009424500600011726000380017727000390021530000200025465000160027465000420029070000030033220170124110032.0 aA-334229 c60.00 aA-334229 bCen Lib/Ret aDPLbEN a415bMIS aMishra, Hari Mohan aA critique of panini,s grammar /cby Hari Mohan Mishra aPatna bAnupam publicationsc1986 aOpp. Patna CollegebPatna e800004 a92p. c20cm(Hb) aLinguistics aPanini,s Astadhyayi-Trimuni Vyakarana